Welcome to the Holygrace Academy Library

Please use search bar below to get started

LETTER WRITING & MODERN CORRESPONDENCE (Record no. 3778)

MARC details
000 -LEADER
fixed length control field 00324nam a22001457a 4500
020 ## - INTERNATIONAL STANDARD BOOK NUMBER
ISBN 425
022 ## - INTERNATIONAL STANDARD SERIAL NUMBER
ISSN ALA/D
082 ## - DEWEY DECIMAL CLASSIFICATION NUMBER
Classification number 425
Item number ALA/D
100 ## - MAIN ENTRY--AUTHOR NAME
Personal name ALANI, MINI JOHN
245 ## - TITLE STATEMENT
Title LETTER WRITING & MODERN CORRESPONDENCE
260 ## - PUBLICATION, DISTRIBUTION, ETC. (IMPRINT)
Place of publication KOTTAYAM
Name of publisher DC BOOKS
300 ## - PHYSICAL DESCRIPTION
Number of Pages 219
650 ## - SUBJECT ADDED ENTRY--TOPICAL TERM
Topical Term LETTER WRITING
Geographic subdivision KERALA
942 ## - ADDED ENTRY ELEMENTS (KOHA)
Koha item type Books
Holdings
Withdrawn status Lost status Collection code Home library Current library Shelving location Date acquired Source of acquisition Full call number Accession Number Koha item type
    Reference Main Library Main Library SHELF-16C -ENGLISH GRAMMAR SYNONYMS7ANTONYMS,LETTERS, ETC 11/10/2012 PURCHASE 425 ALA/D 03418 Books